| 000 | 00698nam a2200289Ia 4500 | ||
|---|---|---|---|
| 005 | 20260324122030.0 | ||
| 008 | 008 260324s9999 xx 000 0 eng d | ||
| 020 | _a9780429113215 | ||
| 037 | _aEBOOK | ||
| 040 | _aCRL | ||
| 040 | _beng | ||
| 040 | _cCRL | ||
| 041 | _2eng | ||
| 041 | _aeng | ||
| 084 | _qCRL | ||
| 100 |
_aMichael West _91164843 |
||
| 245 | 0 | _aReturn On Process (ROP) | |
| 245 | 0 | _bGetting Real Performance Results from Process Improvement | |
| 260 | _bTaylor and Francis | ||
| 260 | _c2013 | ||
| 365 | _a | ||
| 365 | _b275 | ||
| 856 | _uhttp://www.taylorfrancis.com/books/9780429113215 | ||
| 942 | _cEBOOK | ||
| 999 |
_c1757294 _d1757294 |
||